| 000 | 00548nam a2200169Ia 4500 | ||
|---|---|---|---|
| 003 | GCL | ||
| 008 | 140319s9999 xx 000 0 eng d | ||
| 040 |
_aGCL / _cGCL |
||
| 082 | 0 | 4 |
_a658.4038011 _bR E |
| 100 | 1 | _aREGAN, ELIZABETH | |
| 245 | 1 | 0 |
_aEND - USER INFORMATION SYSTEMS: PRESPECTIVES FOR MANAGERS AND INFORMATION SYSYTEMS PROFESSIONALS / _cREGAN, ELIZABETH |
| 260 |
_a[S.N] : _bMACMILLAN PUBLESHING COMPANY ، _c1993 |
||
| 300 | _a704 P | ||
| 650 | 0 | 4 | _aMANAGEMENT - INFORMATION SYSTEM |
| 650 | 0 | 4 | _aEND - USER COMPUTING |
| 942 |
_2ddc _cBK |
||
| 999 |
_c20731 _d20731 |
||